| 000 | 00671nam a2200241 4500 | ||
|---|---|---|---|
| 001 | 2286501 | ||
| 005 | 20180103030954.0 | ||
| 008 | 710602s1971 nyu b 000 0 eng | ||
| 010 | _a 79155361 | ||
| 020 | _a0231035632 | ||
| 040 |
_aDLC _cDLC _dDLC |
||
| 041 | _aeng | ||
| 043 | _an-us--- | ||
| 080 | _a301.3 | ||
| 082 | 0 | 0 | _a301.3 GRA |
| 100 | 1 | _a13 | |
| 101 | _aSHJ | ||
| 245 | 1 | 0 |
_aEnvironmental control: _c[by] Frank P. Grad, George W. Rathjens [and] Albert J. Rosenthal. |
| 350 | _a$9.00 | ||
| 504 | _aIncludes bibliographical references. | ||
| 906 |
_a7 _bcbc _corignew _d2 _encip _f19 _gy-gencatlg |
||
| 942 |
_2ddc _cBK |
||
| 999 |
_c39578 _d39578 |
||